Playing back the past: part 1 - deciphering old structures and the work of the RCHME (Record no. 57066)

MARC details
000 -LEADER
fixed length control field 01006cab a2200241 4500
001 - CONTROL NUMBER
control field ABS59646
008 - FIXED-LENGTH DATA ELEMENTS--GENERAL INFORMATION
fixed length control field 090401t xxu||||| |||| 00| 0 eng d
035 ## - SYSTEM CONTROL NUMBER
System control number (Sirsi) u90096
041 ## - LANGUAGE CODE
Language code of text/sound track or separate title eng
100 ## - MAIN ENTRY--PERSONAL NAME
Personal name Mack, S.
245 ## - TITLE STATEMENT
Title Playing back the past: part 1 - deciphering old structures and the work of the RCHME
260 ## - PUBLICATION, DISTRIBUTION, ETC.
Date of publication, distribution, etc. 16(4)1998, 177-179(3)
350 ## - PRICE (NR) (BK AM CF MU VM SE) [OBSOLETE]
Price 0
490 ## - SERIES STATEMENT
Series statement Structural Survey
Volume/sequential designation 16(4)1998, 177-179(3)
520 ## - SUMMARY, ETC.
Summary, etc. Discusses the way old structures accumulate physical signs of the events they have existed through. Outlines the nature and purpose of the Royal Commission on the Historical Monuments of England (RCHME), its constitution, size, objectives of: survey, curating and making available its archives, and recording of threatened buildings.
650 ## - SUBJECT ADDED ENTRY--TOPICAL TERM
Topical term or geographic name entry element ARCHIVES
650 ## - SUBJECT ADDED ENTRY--TOPICAL TERM
Topical term or geographic name entry element HISTORIC BUILDINGS
650 ## - SUBJECT ADDED ENTRY--TOPICAL TERM
Topical term or geographic name entry element HISTORIC MONUMENTS
650 ## - SUBJECT ADDED ENTRY--TOPICAL TERM
Topical term or geographic name entry element ROYAL COMMISSION ON THE HISTORICAL MONUMENTS OF ENGLAND
690 ## - LOCAL SUBJECT ADDED ENTRY--TOPICAL TERM (OCLC, RLIN)
Topical term or geographic name as entry element CONSERVATION
942 ## - ADDED ENTRY ELEMENTS (KOHA)
Suppress in OPAC 0
948 ## - LOCAL PROCESSING INFORMATION (OCLC); SERIES PART DESIGNATOR (RLIN)
c (OCLC) 02/12/1998
Holdings
Withdrawn status Lost status Source of classification or shelving scheme Damaged status Not for loan Home library Current library Shelving location Date acquired Total Checkouts Full call number Barcode Date last seen Copy number Price effective from Koha item type
    Dewey Decimal Classification     London London Journal article 14/09/1999   ABS59646 90096-1001 06/08/2019 1 06/08/2019 Journal article